<?xml version="1.0" encoding="UTF-8"?>
<collection xmlns="http://www.loc.gov/MARC21/slim">
 <record>
  <leader>02175nam a2200397   4500</leader>
  <controlfield tag="001">DLU120132121</controlfield>
  <controlfield tag="005">##20120227</controlfield>
  <datafield tag="040" ind1="#" ind2="#">
   <subfield code="a">DLU</subfield>
   <subfield code="b">vie</subfield>
  </datafield>
  <datafield tag="041" ind1="#" ind2="#">
   <subfield code="a">vie</subfield>
   <subfield code="h">eng</subfield>
  </datafield>
  <datafield tag="044" ind1="#" ind2="#">
   <subfield code="a">vn</subfield>
  </datafield>
  <datafield tag="082" ind1="#" ind2="#">
   <subfield code="a">332.110 92</subfield>
   <subfield code="b">GR-A</subfield>
  </datafield>
  <datafield tag="100" ind1="#" ind2="#">
   <subfield code="a">Greenspan, Alan.</subfield>
  </datafield>
  <datafield tag="245" ind1="#" ind2="#">
   <subfield code="a">Kỷ nguyên hỗn loạn :</subfield>
   <subfield code="b">Những cuộc khám phá trong thế giới mới = The age of turbulence /</subfield>
   <subfield code="c">Alan Greenspan; Nguyễn Hồng Quang, ...[et al.] dịch.</subfield>
  </datafield>
  <datafield tag="246" ind1="#" ind2="#">
   <subfield code="a">The age of turbulence</subfield>
  </datafield>
  <datafield tag="260" ind1="#" ind2="#">
   <subfield code="a">Tp. Hồ Chí Minh :</subfield>
   <subfield code="b">Trẻ,</subfield>
   <subfield code="c">2008.</subfield>
  </datafield>
  <datafield tag="300" ind1="#" ind2="#">
   <subfield code="a">601 tr. ;</subfield>
   <subfield code="c">23 cm.</subfield>
  </datafield>
  <datafield tag="505" ind1="#" ind2="#">
   <subfield code="a">Sự khan hiếm năng lượng dài hạn -- Tương lai bất định.</subfield>
  </datafield>
  <datafield tag="505" ind1="#" ind2="#">
   <subfield code="a">Tuổi thơ thành phố -- Quá trình trở thành một nhà kinh tế học -- Sự hội tụ giữa kinh tế và chính trị học -- Công dân tự do -- Ngày thứ hai đen tối -- Sự sụp đổ của bức tường Berlin -- Chương trình nghị sự của Tổng thống dân chủ -- Sự thịnh vượng bất thường -- Cơn sốt thiên niên kỷ -- Suy thoái kinh tế -- Quốc gia bị thách thức -- Tính toàn cầu của tăng trưởng kinh tế -- Các hình thái của chủ nghĩa tư bản -- Những lựa chọn phía trước của Trung Quốc -- Nhũng con hổ và một con voi -- Cùi chỏ lợi hại của Nga -- Mỹ Latin và chủ nghĩa dân tuý -- Tài khoản vãng lai và nợ -- Toàn cầu hoá và luật lệ -- Câu đố bí hiểm -- Giáo dục và bất bình đẳng thu nhập -- Thế giới có nghỉ hưu được không? -- Quản lý công ty</subfield>
  </datafield>
  <datafield tag="600" ind1="#" ind2="#">
   <subfield code="a">Greenspan, Alan,</subfield>
   <subfield code="d">1926-</subfield>
  </datafield>
  <datafield tag="650" ind1="#" ind2="#">
   <subfield code="a">Nhà kinh tế học chính phủ</subfield>
   <subfield code="z">Hoa Kỳ</subfield>
   <subfield code="v">Tiểu sử.</subfield>
  </datafield>
  <datafield tag="651" ind1="#" ind2="#">
   <subfield code="a">Hoa Kỳ</subfield>
   <subfield code="x">Điều kiện kinh tế</subfield>
   <subfield code="y">1945-</subfield>
  </datafield>
  <datafield tag="700" ind1="#" ind2="#">
   <subfield code="a">Lê Hồng Vân,</subfield>
   <subfield code="e">dịch.</subfield>
  </datafield>
  <datafield tag="700" ind1="#" ind2="#">
   <subfield code="a">Nguyễn Hồng Quang,</subfield>
   <subfield code="e">dịch.</subfield>
  </datafield>
  <datafield tag="700" ind1="#" ind2="#">
   <subfield code="a">Nguyễn Minh Vũ,</subfield>
   <subfield code="e">dịch.</subfield>
  </datafield>
  <datafield tag="700" ind1="#" ind2="#">
   <subfield code="a">Nguyễn Văn Sảnh,</subfield>
   <subfield code="e">dịch.</subfield>
  </datafield>
  <datafield tag="923" ind1="#" ind2="#">
   <subfield code="a">18/2011</subfield>
  </datafield>
  <datafield tag="991" ind1="#" ind2="#">
   <subfield code="a">SH</subfield>
  </datafield>
  <datafield tag="992" ind1="#" ind2="#">
   <subfield code="a">150000</subfield>
  </datafield>
  <datafield tag="994" ind1="#" ind2="#">
   <subfield code="a">DLU</subfield>
  </datafield>
  <datafield tag="900" ind1="#" ind2="#">
   <subfield code="a">True</subfield>
  </datafield>
  <datafield tag="911" ind1="#" ind2="#">
   <subfield code="a">Nguyễn Thanh Hương</subfield>
  </datafield>
  <datafield tag="925" ind1="#" ind2="#">
   <subfield code="a">G</subfield>
  </datafield>
  <datafield tag="926" ind1="#" ind2="#">
   <subfield code="a">A</subfield>
  </datafield>
  <datafield tag="927" ind1="#" ind2="#">
   <subfield code="a">SH</subfield>
  </datafield>
  <datafield tag="980" ind1="#" ind2="#">
   <subfield code="a">Thư viện Trường Đại học Đà Lạt</subfield>
  </datafield>
 </record>
</collection>
